Statistics for Eurovision Winners (Countries)

Click here to take the quiz!

General Stats

  • This quiz has been taken 127 times
    (64 since last reset)
  • The average score is 36 of 68

Answer Stats

YearAnswer% Correct
2023Sweden
95%
2024Switzerland
95%
2022Ukraine
95%
2021Italy
88%
2018Israel
86%
2017Portugal
79%
2012Sweden
79%
2019The Netherlands
79%
1956Switzerland
71%
2016Ukraine
71%
2011Azerbaijan
69%
1974Sweden
69%
2014Austria
67%
2005Greece
67%
2013Denmark
64%
2006Finland
64%
2010Germany
64%
2009Norway
64%
2015Sweden
64%
2007Serbia
60%
2004Ukraine
57%
1998Israel
55%
2002Latvia
55%
2008Russia
55%
1957The Netherlands
55%
2003Turkey
55%
2001Estonia
52%
2000Denmark
50%
1958France
50%
1996Ireland
50%
1993Ireland
50%
1992Ireland
50%
1959The Netherlands
50%
1994Ireland
48%
1987Ireland
48%
1980Ireland
48%
1968Spain
48%
1969Spain/United Kingdom/The Netherlands/France
48%
1999Sweden
48%
1991Sweden
45%
1988Switzerland
45%
1967United Kingdom
45%
1986Belgium
43%
1970Ireland
43%
1990Italy
43%
1997United Kingdom
43%
1976United Kingdom
43%
1960France
40%
1978Israel
40%
1961Luxembourg
40%
1983Luxembourg
40%
1984Sweden
40%
1975The Netherlands
40%
1963Denmark
38%
1979Israel
38%
1972Luxembourg
38%
1965Luxembourg
38%
1981United Kingdom
38%
1989Yugoslavia
38%
1977France
36%
1962France
36%
1982Germany
36%
1964Italy
36%
1973Luxembourg
36%
1995Norway
36%
1985Norway
36%
1966Austria
33%
1971Monaco
31%

Score Distribution

Percentile by Number Answered

Percent of People with Each Score

Your Score History

You have not taken this quiz since the last reset